Estatísticas para Datas comemorativas e feriados do Brasil

Clique aqui para jogar o quiz

Estatísticas Gerais

  • Esse quiz foi jogado 68 vezes
  • A pontuação média é 11 de 22

Estatísticas das Respostas

Resposta% Correto
Natal
98%
Carnaval
97%
Ano novo
92%
Pascoa
79%
Independencia do Brasil
73%
Tiradentes
71%
Proclamação da republica
70%
Finados
62%
Corpus christi
60%
dia das crianças
57%
Dia das maes
57%
dia dos pais
54%
Dia do trabalhador
52%
Nossa senhora aparecida
51%
Sexta feira Santa
38%
Dia dos namorados
29%
Semana Santa
16%
Dia da mulher
14%
Cinzas
10%
Dia da mentira
8%
Dia de São Joao
6%
Dia de São valentim
0%

Distribuição das Pontuações

Percentil de Números Respondidos

Porcentagem de Pessoas com Cada Pontuação

Sua Pontuação Histórica

Você não jogou esse quiz